Sofriments morals que m'ha causat l'Ictíneo / de Joan Monjo i Pons
Descripción Física:
[32] p. ; 30 cm
MARC
| LEADER | 00000nam a2200000Ia 4500 | ||
|---|---|---|---|
| 001 | 1899 | ||
| 008 | 160829s9999 xx 000 0 cat d | ||
| 080 | |a FU-20-8 | ||
| 100 | 1 | |a Monjo i Pons, Joan, |d 1818-1884 |9 54809 | |
| 245 | |a Sofriments morals que m'ha causat l'Ictíneo / de Joan Monjo i Pons | ||
| 260 | |a Barcelona : |b Diputació de Barcelona. Servei de Cultura, dl 1985 | ||
| 300 | |a [32] p. ; |c 30 cm | ||
| 590 | |a Edició facsímil del manuscrit: Sufrimientos morales que me ha acarreado el Ictíneo, de 1869, editat amb motiu de l'exposició commemorativa del centenari de Narcís Monturiol. | ||
| 590 | |a Carpeta amb dos fulletons, un amb l'original castellà manuscrit, i l'altre amb la traducció al català | ||
| 600 | 1 | 0 | |a Monjo i Pons, Joan, |d 1818-1884 |9 54809 |
| 650 | |a Monturiol, Narcís |9 22605 | ||
| 650 | |a Ictíneo (Submarí) |x Relats personals |9 22606 | ||
| 710 | 1 | |a Barcelona (Catalunya : Província). |b Servei de Cultura |9 54401 | |
| 901 | |a Arxiu | ||
| 942 | |n 1 | ||
| 952 | |0 0 |1 0 |4 0 |6 FU208 |7 1 |9 42250 |a Arxiu |b Arxiu |d 2016-12-01 |l 0 |o FU-20-8 |p 1899 |r 2016-12-01 00:00:00 |w 2016-12-01 |y ARXIU | ||
| 999 | |c 44728 |d 44728 | ||